000 00880nam a2200253 a 4500
001 59762
003 BD-RjUL
005 20211209080751.0
008 161227s1959 bg ||||| |||| 00| 0 ben d
020 _c: TK 5.50
035 _a(BD-RjUL)59886
040 _aBD-RjUL
_bben
_cBD-RjUL
041 _aben
082 _223
_a320
_bDAS 1959
100 _a দাস
_9177818
245 1 0 _aসরল রাষ্ট্রবিজ্ঞান = Politics made easy /
_cদাস ও চ্যাটার্জী
250 _a২য় সং.
260 _aকলিকাতা :
_bবুকল্যাণ্ড,
_c১৯৫৯
300 _a৪৬০ পৃ. ;
_c২১ সেমি.
650 _aরাষ্ট্রবিজ্ঞান
_9177819
650 _aPolitical science
_9171741
700 _aচ্যাটার্জী
_9177820
942 _2ddc
_cBK
999 _c59762
_d59762